| 000 | 01620cam a2200385 a 4500 | ||
|---|---|---|---|
| 999 |
_c219492 _d219492 |
||
| 001 | 2070803 | ||
| 003 | Nust | ||
| 005 | 20170210104259.0 | ||
| 008 | 941013s1995 nyua 000 0aeng | ||
| 010 | _a 94041379 | ||
| 020 | _a9780141315195 | ||
| 040 |
_aDLC _cDLC _dDLC |
||
| 041 | 1 |
_aeng _hdut |
|
| 043 | _ae-ne--- | ||
| 050 | 0 | 0 |
_aDS135.N6 _bF73313 1995 |
| 082 | 0 | 0 |
_a940.5318092 _bFRA |
| 100 | 1 |
_aFrank, Anne, _d1929-1945. |
|
| 240 | 1 | 0 |
_aAchterhuis. _lEnglish |
| 245 | 1 | 4 |
_aThe diary of a young girl : _bthe definitive edition / _cAnne Frank ; edited by Otto H. Frank and Mirjam Pressler ; translated by Susan Massotty. |
| 250 | _a1st ed. in the U.S.A. | ||
| 260 |
_aNew York : _bDoubleday, _c1995. |
||
| 300 |
_aviii, 426 p. : _bill. ; _c22 cm. |
||
| 600 | 1 | 0 |
_aFrank, Anne, _d1929-1945 _xDiaries. |
| 650 | 0 |
_aHolocaust, Jewish (1939-1945) _zNetherlands _zAmsterdam _xPersonal narratives. |
|
| 650 | 0 |
_aJews _xPersecutions _zNetherlands _zAmsterdam. |
|
| 650 | 0 |
_aJews _zNetherlands _zAmsterdam _xDiaries. |
|
| 651 | 0 |
_aAmsterdam (Netherlands) _xEthnic relations. |
|
| 700 | 1 |
_aFrank, Otto, _d1889-1980. |
|
| 700 | 1 | _aPressler, Mirjam. | |
| 700 | 1 | _aMassotty, Susan. | |
| 856 | 4 | 2 |
_3Publisher description _uhttp://www.loc.gov/catdir/description/random043/94041379.html |
| 856 | 4 | 2 |
_3Contributor biographical information _uhttp://www.loc.gov/catdir/enhancements/fy1318/94041379-b.html |
| 906 |
_a7 _bcbc _corignew _d1 _eocip _f19 _gy-gencatlg |
||
| 942 |
_2ddc _cBK |
||